00774 a2200145 4500003000500000005001700005040000900022082001500031100001900046245003400065260003000099300001000129505047900139650001000618Nust20230529111519.0 cNust a808.83,HUX aHuxley, Aldous aThe Olive TreecAldous Huxley aLondonbChatto And Windus a295;p aT.H Huxley as a literary man (Page-46), words and behavior (Page-82), Modern fetishism (Page-101), Literature and examination (Page-108), English snobbery (Page-117), Time and the machine (Page-122), New fashioned christms (Page-125), Historical generalizations (Page-129), Crebillon the younger (Page-135), Justification (Page-150), D.H Lawrence (Page-199), R.R haydon (Page-239), Waterworks and kings (Page-262), In a Tunisian oasis (Page-266), The olive tree (Page-287).  aNovel